000
00317nam a2200133Ia 4500
100
_a
Dr.Jose George
650
_a
Politics
942
_c
BK
245
_a
Decentralised Administration and participatory planning in kerala.
260
_b
Himalaya pub.house
_c
2009
300
_a
430
546
_a
ENGLISH
999
_c
23870
_d
23870